000 00431nam a22001457a 4500
005 20260205161028.0
008 260205b |||||||| |||| 00| 0 eng d
020 _a978-1-84022-430-6
100 _aDOSTOEVSKY, FYODOR
245 _aCRIME AND PUNISHMENT
260 _aHERTFORDSHIRE
_bWORDSWORTH CLASSICS
_c2000
300 _aXL, 485P.
650 _a1. MURDER -FICTION 2, CRIME - FICTION 3. PSYCHOLOGICAL FICTION
942 _2lcc
_cBK
999 _c216564
_d216564